River Mouths on the Map - Statistics

General Stats
  • This quiz has been taken 1,160 times
    60 since last reset
  • The average score is 16 of 21
Answers on the Map
Answers color-coded by a green-red scale on the quiz's map according to % correct below.
 
Answer Stats
River % Correct
Congo
98%
Thames
98%
Rhine
96%
Rio Grande
96%
Seine
96%
Euphrates
93%
St. Lawrence
87%
Dnieper
85%
Hudson
85%
Río de la Plata
85%
Yukon
82%
Loire
75%
Murray
73%
Ob
73%
Amur
69%
Elbe
67%
Columbia
65%
Volta
55%
Yenisei
53%
Tagus
49%
Ural
38%
No matching quizzes found
Score Distribution
Percent of People with Each Score
Percentile by Number Answered
Your Score History
You have not taken this quiz since the last reset